literature with types of people in the title - Statistics

General Stats
  • This quiz has been taken 76 times
  • The average score is 11 of 15
Answer Stats
title type writer year profession % Correct
The _______ in the Rye novel J.D. Salinger 1951 Catcher
100%
The _______s Karamazov novel Fyodor Dostoevsky 1880 Brother
98%
The _____ of Monte Cristo novel Alexander Dumas 1844 Count
98%
_____ Tom's Cabin novel Harriet Beecher Stowe 1852 Uncle
98%
Lady Chatterley's _____ novel D.H. Lawrence 1928 Lover
97%
Death of a ________ play Arthur Miller 1949 Salesman
90%
The Man Who Would Be ____ story Rudyard Kipling 1888 King
88%
The Rime of the Ancient _______ poem Samuel Taylor Coleridge 1798 Mariner
85%
The _______ Always Rings Twice novel James M. Cain 1934 Postman
85%
The English _______ novel Michael Ondaajte 1992 Patient
81%
O _______! My _______! poem Walt Whitman 1865 Captain
68%
________s story collection James Joyce 1914 Dubliner
46%
The Walrus and the _________ poem Lewis Carroll 1871 Carpenter
42%
Bartleby, the _________ story Herman Melville 1859 Scrivener
41%
The ______s story Ernest Hemingway 1927 Killer
10%
No matching quizzes found
Score Distribution
Percent of People with Each Score
Percentile by Number Answered
Your Score History
You have not taken this quiz